| 000 | 01053cam a22003015a 4500 | ||
|---|---|---|---|
| 001 | 016453795 | ||
| 003 | OSt | ||
| 005 | 20201128023623.0 | ||
| 008 | 130523t2014 njua frb 001 0 eng d | ||
| 020 | _a9781118443965 (hardback) | ||
| 040 |
_aStDuBDS _beng _cStDuBDS _dUk _dEG-ScBUE _dEG-ScBUE |
||
| 082 | 0 | 4 |
_a657.044 _bKIE _222 |
| 100 | 1 |
_aKieso, Donald E. _99035 |
|
| 245 | 1 | 0 |
_aIntermediate accounting / _cDonald E. Kieso, Jerry J. Weygandt, Terry D. Warfield. |
| 250 | _a2nd ed., IFRS ed. | ||
| 260 |
_aHoboken : _bJohn Wiley & Sons, _cc.2014. |
||
| 300 |
_a1 v. (various pagings) : _bill. (col.) ; _c29 cm. |
||
| 500 | _aWileyPlus is a research-based, online environment for effective teaching and learning. | ||
| 504 | _aIncludes bibliographical references and indexes. | ||
| 650 | 7 |
_aAccounting. _2BUEsh _99036 |
|
| 651 | _2BUEsh | ||
| 653 |
_bBUSADM _cNovember2015 |
||
| 653 |
_bBUSADM _cOctober2016 |
||
| 655 |
_vText book _933728 |
||
| 700 | 1 |
_aWeygandt, Jerry J. _91078 |
|
| 700 | 1 |
_aWarfield, Terry D. _99037 |
|
| 942 |
_2ddc _k657.044 KIE |
||
| 999 |
_c21070 _d21042 |
||